000 00675nam a22001817a 4500
008 150326b xxu||||| |||| 00| 0 eng d
020 _a0814656889
050 _aBS2589.S84 1990
100 _aSweetland D.M.
_916624
245 _aOur journey with Jesus:
_bdiscipleship according to Luke-Acts
_c/ by Dennis M. Sweetland
260 _aMinnesota
_bThe liturgical Press
_c1990
300 _a261p. ;
_c21cm.
440 _aGood News Studies
_nno.23
_916625
650 _aBible. N.T. Luke
_xCriticism
_xInterpretation
_916626
650 _aBible N.T. Acts-criticism, interpretation etc.
_916627
650 _aChristian life
_xBiblical teaching
_97403
942 _2lcc
_cMONOGRAPH
999 _c122512
_d122512